000
00459nam a2200181Ia 4500
008
090123s9999 xx 000 0 und d
082
_b
43119
100
_a
पारगावकर राजा
245
_a
अजगर
250
_a
1
260
_c
2008
300
_a
174
600
_a
पारगावकर राजा
630
_a
अजगर
700
_a
पारगावकर राजा
730
_a
अजगर
942
_c
BOOK
999
_c
81175
_d
81175